• 首页
  • 本馆介绍
  • 公告通知
  • 最新文献
  • 馆藏检索
  • 电子资源
  • 读者导购
  • 参考咨询
  • 我的图书馆
  • 登录
  • 详细信息显示
  • 放入我的书架
  • 预约/预借图书
  • 作者相关作品
  • 分类相关作品
  • 丛书相关作品
  • 出版社相关作品

书目信息

  • 表格格式
  • 工作单格式
  • 卡片格式
题名:
惯性测量组合智能故障诊断及预测技术
    
 
作者: 王宏力 著
分册:  
出版信息: 北京   国防工业出版社  2017.05
页数: 226页
开本: 26cm
丛书名:
单 册:
中图分类: P227.9
科图分类:
主题词: 惯性测量系统--故障诊断
电子资源:
ISBN: 978-7-118-11251-1
000 01228nam0 2200241 450
001 256
005 20180921152431.61
010    @a978-7-118-11251-1@dCNY69.00
100    @a20170905d2017 em y0chiy50 ea
101 0  @achi
102    @aCN@b110000
105    @aa z 000yy
200 1  @a惯性测量组合智能故障诊断及预测技术@9guan xing ce liang zu he zhi neng gu zhang zhen duan ji yu ce ji shu@dIntelligent fault diagnosis and prognostics technology for inertial measurement unit@f王宏力[等]著@zeng
210    @a北京@c国防工业出版社@d2017.05
215    @a226页@c图@d26cm
304    @a著者还有:何星、陆敬辉、姜伟、冯磊
330    @a本书主要对智能故障诊断与预测的相关概念、发展历程以及代表性方法进行概述性介绍与分析;其次,以某飞行器为例,介绍了惯性测量组合的组成、功能,并对其主要故障机理进行了分析;最后,基于可变成本的惯性测量组合实时预测维护与备件订购模型,着眼于降低维护成本以及实现快速维护决策,重点讨论了可变成本下的预测维护与备件订购模型的构建过程。
510 1  @aIntelligent fault diagnosis and prognostics technology for inertial measurement unit@zeng
606 0  @a惯性测量系统@x故障诊断
690    @aP227.9@v5
701  0 @a王宏力@9wang hong li@4著
801  0 @aCN@b91MARC@c20170905
905    @aMuseLib@dP227.9@e264
    
    惯性测量组合智能故障诊断及预测技术=Intelligent fault diagnosis and prognostics technology for inertial measurement unit/王宏力[等]著.-北京:国防工业出版社,2017.05
    226页:图;26cm
    
    
    ISBN 978-7-118-11251-1:CNY69.00
    本书主要对智能故障诊断与预测的相关概念、发展历程以及代表性方法进行概述性介绍与分析;其次,以某飞行器为例,介绍了惯性测量组合的组成、功能,并对其主要故障机理进行了分析;最后,基于可变成本的惯性测量组合实时预测维护与备件订购模型,着眼于降低维护成本以及实现快速维护决策,重点讨论了可变成本下的预测维护与备件订购模型的构建过程。
●
相关链接 在E读中查询图书 在五车中查询图书 在当当中查询图书 在豆瓣中查询图书


正题名:惯性测量组合智能故障诊断及预测技术     索取号:P227.9/264         预约/预借

序号 登录号 条形码 馆藏地/架位号 状态 备注
1 1119014   211190147   第二样本阅览室/ [索取号:P227.9/264] 在馆    
2 1119015   211190156   第三借阅区/ [索取号:P227.9/264] 在馆    
3 1119016   211190165   第三借阅区/ [索取号:P227.9/264] 在馆    
4 1119017   211190174   第三借阅区/ [索取号:P227.9/264] 在馆    
5 1119018   211190183   密集书库-物理学院/ [索取号:P227.9/264] 在馆    
唐山师范学院图书馆 欢迎您!
大连网信软件有限公司© 版权所有